| 000 | 01231nam2a22002891 4500 | ||
|---|---|---|---|
| 001 | v19\rc\1891786 | ||
| 005 | 20251118180407.6 | ||
| 035 | _a(NLR Aleph) 004979057 | ||
| 090 |
_a6165526 _c6165526 |
||
| 100 | _a20080221d1911 u y0rusy50 ca | ||
| 101 | 0 | _arus | |
| 102 | _aRU | ||
| 105 | _aa z ||||| | ||
| 200 | 1 |
_aза 1908, 1909 и 1910 гг. _aПрограмма опытного поля и организованного при нем хозяйства |
|
| 210 | _d1911 | ||
| 215 | _a[6], IV, 254 с., 15 л. ил. | ||
| 225 | 1 |
_a... _vВып. 1 |
|
| 461 | 0 |
_1001v19\rc\1891785 _12001#$aОтчет по опытам с кормовыми растениями...$vза 1908, 1909 и 1910 гг. _96165520 _aБалашовская с.-х. опытная станция им. В.Л. Нарышкина _cБалашов _d1911-1915 _nБалаш. уезд. земство _tОтчет по опытам с кормовыми растениями... _vза 1908, 1909 и 1910 гг. |
|
| 801 | 0 |
_aRU _bNLR _gpsbo |
|
| 801 | 0 |
_aRU _bRuMoRGB _2psbo |
|
| 801 | 1 |
_aRU _bProSoft-M _2rusmarc |
|
| 852 |
_aNLR _bЗем _j36-3/О7 |
||
| 899 |
_aRuMoRGB _jU 37/71 |
||
| 899 |
_aRuMoRGB _jU 477/236 |
||
| 899 | _aБАН | ||
| 942 | _cBOOK | ||
| 980 | _aNB | ||